| Поле | Инд. | ПП | Название | Значение |
|---|---|---|---|---|
| Тип записи | m | |||
| Библиографический уровень | m | |||
| 001 | Контрольный номер | 62c9c3d527bd43139fd66a4ef979974f | ||
| 005 | Дата корректировки | 20181107093429.2 | ||
| 008 | Кодируемые данные | 161230|||||||||ru |||||||||||||||||rus|| | ||
| 040 | b | Код языка каталог. | rus | |
| 041 | 0_ | a | Код языка текста | rus |
| 084 | a | Индекс другой классификации/Индекс ББК | 20+3я431 | |
| 090 | x | Авторский знак | С 56 | |
| 245 | 10 | a | Заглавие | Современные эколого-биологические и химические исследования, техника и технология производств. Ч. 2 |
| b | Продолж. заглавия | материалы междунар. науч.-практ. конф. (Мурманск, 8 апр. 2016 г.) | ||
| c | Ответственность | Федер. агентство по рыболовству, ФГБОУ ВО "Мурман. гос. техн. ун-т", Естеств.-технол. ин-т ; редкол.: А. М. Ершов [и др.] | ||
| h | Физич. носитель | Электронный ресурс | ||
| 256 | a | Характеристики компьютерного файла | Электрон. текстовые дан. (1 файл : 5,2 Мб) | |
| 260 | a | Место издания | Мурманск | |
| b | Издательство | Изд-во МГТУ | ||
| c | Дата издания | 2016 | ||
| 500 | a | Примечание | Доступ из локальной сети Мурман. гос. техн. ун-та. - Загл. с экрана. - Имеется печ. аналог 2016 г. | |
| 583 | x | Служебное примечание | Полнотекстовые документы | |
| x | Служебное примечание | Труды преподавателей МГТУ | ||
| 651 | _4 | a | Географическое наименование | Северный бассейн |
| 653 | 0_ | a | Ключевые слова | Консервы рыбные; Конференции международные; Конференции научно-практические; Копчение рыбы; Кулинарные изделия из рыбного сырья; Материалы конференций; Посол рыбы; Пресервы; Скаты; Труды преподавателей МГТУ; Электронные версии |
| 700 | 1_ | a | Другие авторы | Аллояров К. Б. |
| e | Роль лиц | автор | ||
| 700 | 1_ | a | Другие авторы | Бражная И. Э. |
| e | Роль лиц | автор | ||
| 700 | 1_ | a | Другие авторы | Тришина Н. А. |
| e | Роль лиц | автор | ||
| 700 | 1_ | a | Другие авторы | Грибова О. М. |
| e | Роль лиц | автор | ||
| 700 | 1_ | a | Другие авторы | Пономарева М. А. |
| e | Роль лиц | автор | ||
| 700 | 1_ | a | Другие авторы | Штенгель О. А. |
| e | Роль лиц | автор | ||
| 700 | 1_ | a | Другие авторы | Гусев Н. А. |
| e | Роль лиц | автор | ||
| 700 | 1_ | a | Другие авторы | Ершов А. М. |
| e | Роль лиц | автор | ||
| 700 | 1_ | a | Другие авторы | Ершов М. А. |
| e | Роль лиц | автор | ||
| 700 | 1_ | a | Другие авторы | Жмайлик В. С. |
| e | Роль лиц | автор | ||
| 700 | 1# | a | Другие авторы | Павлова В. В. |
| e | Роль лиц | автор | ||
| 700 | 1# | a | Другие авторы | Саенкова И. В. |
| e | Роль лиц | Автор | ||
| 700 | 1_ | a | Другие авторы | Щетинский В. В. |
| e | Роль лиц | автор | ||
| 700 | 1_ | a | Другие авторы | Шокина Ю. В. |
| e | Роль лиц | автор | ||
| 700 | 1_ | a | Другие авторы | Крыжова Ю. П. |
| e | Роль лиц | автор | ||
| 700 | 1_ | a | Другие авторы | Лебская Т. К. |
| e | Роль лиц | автор | ||
| 700 | 12 | a | Другие авторы | Менчинская А. А. |
| e | Роль лиц | автор | ||
| 700 | 12 | a | Другие авторы | Луцык П. В. |
| e | Роль лиц | автор | ||
| 700 | 12 | a | Другие авторы | Кравец П. П. |
| e | Роль лиц | автор | ||
| 700 | 12 | a | Другие авторы | Мищенко В. В. |
| e | Роль лиц | автор | ||
| 700 | 12 | a | Другие авторы | Гроховский В. А. |
| e | Роль лиц | авт. | ||
| 700 | 12 | a | Другие авторы | Молчановский И. А. |
| e | Роль лиц | автор | ||
| 700 | 12 | a | Другие авторы | Майорова А. А. |
| e | Роль лиц | автор | ||
| 700 | 12 | a | Другие авторы | Николаев Д. А. |
| e | Роль лиц | автор | ||
| 700 | 12 | a | Другие авторы | Дубровин С. Ю. |
| e | Роль лиц | автор | ||
| 700 | 12 | a | Другие авторы | Куранова Л. К. |
| e | Роль лиц | автор | ||
| 700 | 12 | a | Другие авторы | Николаенко О. А. |
| e | Роль лиц | автор | ||
| 700 | 12 | a | Другие авторы | Кучина Ю. А. |
| e | Роль лиц | автор | ||
| 700 | 12 | a | Другие авторы | Воронько Н. Г. |
| e | Роль лиц | автор | ||
| 700 | 12 | a | Другие авторы | Темиржанова К. С. |
| e | Роль лиц | автор | ||
| 700 | 12 | a | Другие авторы | Полонская Д. А. |
| e | Роль лиц | автор | ||
| 700 | 12 | a | Другие авторы | Вотинов М. В. |
| e | Роль лиц | автор | ||
| 700 | 12 | a | Другие авторы | Райбулов С. П. |
| e | Роль лиц | автор | ||
| 700 | 12 | a | Другие авторы | Селиванчик С. А. |
| e | Роль лиц | автор | ||
| 700 | 1_ | a | Другие авторы | Чупикова Е. С. |
| e | Роль лиц | автор | ||
| 700 | 12 | a | Другие авторы | Титова С. А. |
| e | Роль лиц | автор | ||
| 700 | 12 | a | Другие авторы | Астрамович В. Л. |
| e | Роль лиц | автор | ||
| 700 | 12 | a | Другие авторы | Голубева О. А. |
| e | Роль лиц | автор | ||
| 700 | 12 | a | Другие авторы | Греков Е. О. |
| e | Роль лиц | автор | ||
| 700 | 12 | a | Другие авторы | Дьяков А. В. |
| e | Роль лиц | автор | ||
| 700 | 12 | a | Другие авторы | Глазунов Е. А. |
| e | Роль лиц | автор | ||
| 700 | 12 | a | Другие авторы | Тепляшина С. И. |
| e | Роль лиц | автор | ||
| 700 | 12 | a | Другие авторы | Иваней А. А. |
| e | Роль лиц | автор | ||
| 700 | 12 | a | Другие авторы | Тихонова П. А. |
| e | Роль лиц | автор | ||
| 700 | 12 | a | Другие авторы | Похольченко В. А. |
| e | Роль лиц | автор | ||
| 700 | 12 | a | Другие авторы | Федышена О. М. |
| e | Роль лиц | автор | ||
| 700 | 12 | a | Другие авторы | Шокин Г. О. |
| e | Роль лиц | автор | ||
| 700 | 12 | a | Другие авторы | Шутов А. В. |
| e | Роль лиц | автор | ||
| 700 | 12 | a | Другие авторы | Васипов В. В. |
| e | Роль лиц | автор | ||
| 700 | 12 | a | Другие авторы | Вытовтов А. А. |
| e | Роль лиц | автор | ||
| 700 | 12 | a | Другие авторы | Чалая Е. А. |
| e | Роль лиц | автор | ||
| 700 | 12 | a | Другие авторы | Васёха М. В. |
| e | Роль лиц | автор | ||
| 700 | 12 | a | Другие авторы | Гладченко Д. В. |
| e | Роль лиц | автор | ||
| 700 | 12 | a | Другие авторы | Путинцев Н. М. |
| e | Роль лиц | автор | ||
| 700 | 12 | a | Другие авторы | Долгопятова Н. В. |
| e | Роль лиц | автор | ||
| 700 | 12 | a | Другие авторы | Кучина Ю. А. |
| e | Роль лиц | автор | ||
| 700 | 12 | a | Другие авторы | Новиков В. Ю. |
| e | Роль лиц | автор | ||
| 700 | 12 | a | Другие авторы | Коновалова И. Н. |
| e | Роль лиц | автор | ||
| 700 | 12 | a | Другие авторы | Принцева М. Ю. |
| e | Роль лиц | автор | ||
| 700 | 12 | a | Другие авторы | Колотова Д. С. |
| e | Роль лиц | автор | ||
| 700 | 12 | a | Другие авторы | Деркач С. Р. |
| e | Роль лиц | автор | ||
| 700 | 12 | a | Другие авторы | Кесарев К. А. |
| e | Роль лиц | автор | ||
| 700 | 12 | a | Другие авторы | Облучинская Е. Д. |
| e | Роль лиц | автор | ||
| 700 | 12 | a | Другие авторы | Горшенина Е. В. |
| e | Роль лиц | автор | ||
| 700 | 12 | a | Другие авторы | Слюдова А. Е. |
| e | Роль лиц | автор | ||
| 700 | 12 | a | Другие авторы | Соколан Н. И. |
| e | Роль лиц | автор | ||
| 856 | 40 | u | URL | https://elib.mauniver.ru/2016/SB_16_9.pdf |
| 901 | t | Тип документа | m |